| 000 | 00703nam a22001817a 4500 | ||
|---|---|---|---|
| 999 |
_c15110 _d15110 |
||
| 003 | OSt | ||
| 082 | _2664 RAK/DE | ||
| 088 | _aT 315 | ||
| 100 |
_aRAKHI J. F _93743 |
||
| 245 | _aDesign and development of a solar refrigeration system | ||
| 260 |
_aTava 2015 _bDepartment Food and Agricultural Process Engineering |
||
| 300 | _a88 | ||
| 500 | _aDesign and development of a solar refrigeration system | ||
| 520 | _aSolar energy, a vast and inexhaustible source of energy, is one of the most promising sources of non conventional energy currently available. | ||
| 700 |
_aEr. George Mathew (Guide) _93431 |
||
| 856 | _uhttps://drive.google.com/open?id=1_vmbRtSUj3Z4s91pwI6TbNJEWKwZ-e-h | ||
| 942 | _cTH | ||